000
00222 a2200097 4500
001
45461
100
_a
Hubback D
245
_a
No ordinary press baron
260
_a
London
_b
Weidenfeld Nicholson
_c
090
_c
28624
_d
28624
942
_a
NUST-CAE
_c
M
_c
20696
999
_c
280534
_d
280534